OGASUSU NA OGANCHOGU (Record no. 216831)
[ view plain ]
| 000 -LEADER | |
|---|---|
| fixed length control field | 00431nam a22001457a 4500 |
| 008 - FIXED-LENGTH DATA ELEMENTS--GENERAL INFORMATION | |
| fixed length control field | 260311b |||||||| |||| 00| 0 eng d |
| 020 ## - INTERNATIONAL STANDARD BOOK NUMBER | |
| International Standard Book Number | 978-9966-1779-1-9 |
| 100 ## - MAIN ENTRY--PERSONAL NAME | |
| Personal name | OKEMWA, CHRISTOPHER |
| 245 ## - TITLE STATEMENT | |
| Title | OGASUSU NA OGANCHOGU |
| 260 ## - PUBLICATION, DISTRIBUTION, ETC. | |
| Place of publication, distribution, etc. | KISII |
| Name of publisher, distributor, etc. | KISTRECH THEATRE INTERNATIONAL |
| Date of publication, distribution, etc. | 2014 |
| 300 ## - PHYSICAL DESCRIPTION | |
| Extent | 35P. |
| 650 ## - SUBJECT ADDED ENTRY | |
| Topical term or geographic name entry element | 1. FOLKLORE - KENYA 2. GUSII (AFRICAN PEOPLE - JUVENILE FICTION |
| 942 ## - ADDED ENTRY ELEMENTS (KOHA) | |
| Source of classification or shelving scheme | Library of Congress Classification |
| Koha item type | Long Loan Book |
| Withdrawn status | Lost status | Source of classification or shelving scheme | Damaged status | Not for loan | Home library | Current library | Date acquired | Inventory number | Total checkouts | Full call number | Barcode | Date last seen | Copy number | Price effective from | Koha item type |
|---|---|---|---|---|---|---|---|---|---|---|---|---|---|---|---|
| Library of Congress Classification | Kisii University Library | Kisii University Library | 03/11/2026 | 1123403 | PZ 90 .O44 2014 | a001168 | 03/11/2026 | 1 | 03/11/2026 | Long Loan Book | |||||
| Library of Congress Classification | Kisii University Library | Kisii University Library | 03/11/2026 | 1123404 | PZ 90 .O44 2014 | a001170 | 03/11/2026 | 2 | 03/11/2026 | Long Loan Book | |||||
| Library of Congress Classification | Kisii University Library | Kisii University Library | 03/11/2026 | 1123405 | PZ 90 .O44 2014 | a001165 | 03/11/2026 | 3 | 03/11/2026 | Long Loan Book | |||||
| Library of Congress Classification | Kisii University Library | Kisii University Library | 03/11/2026 | 1123406 | PZ 90 .O44 2014 | a001167 | 03/11/2026 | 4 | 03/11/2026 | Long Loan Book | |||||
| Library of Congress Classification | Kisii University Library | Kisii University Library | 03/11/2026 | 1123407 | PZ 90 .O44 2014 | a001169 | 03/11/2026 | 5 | 03/11/2026 | Long Loan Book |